[Event "Orbis-2 GM 2018"]
[Site "Paracin"]
[Date "2018.12.07"]
[Round "6"]
[White "Aithmidou, Mohamed-Mehdi"]
[Black "Savic, Miodrag R"]
[Result "1/2-1/2"]
[WhiteElo "2261"]
[BlackElo "2511"]
[Annotator "TA"]
[PlyCount "143"]
[EventDate "2018.12.03"]
[EventType "tourn"]
[EventCountry "SRB"]
[SourceTitle "playchess.com"]
[Source "ChessBase"]
[SourceQuality "1"]

{[%evp 27,143,41,41,41,51,47,51,29,65,47,55,70,104,84,97,71,79,68,68,36,21,21,15,19,17,16,34,0,0,0,37,44,38,8,54,0,0,-54,-27,-45,-70,-93,-93,-56,0,0,0,0,0,0,0,0,0,0,0,0,0,0,95,91,123,122,118,46,217,217,217,198,216,213,225,204,192,190,196,161,203,168,143,97,97,97,97,0,0,0,0,0,0,0,0,-1,-1,-2,-2,-2,-2,-2,-1,-2,-1,-1,-3,-16,0,0,0,0,0,0,0,0,0,0,0,0,0,0]} 1. e4 e5 2. Nf3 Nc6 3. Bc4 Bc5 4. d3 Nf6 5. O-O O-O 6. h3 d6 7. c3 h6 8. Re1 a6 9. Bb3 Ba7 10. Nbd2 {[%cal Bb1d2,Bd2f1,Bf1g3][%mdl 32]} Ne7 11. Nf1 Ng6 12. Ng3 b5 $146 {C54: Giuoco Piano: 4 c3 Nf6, main lines with 5 d4 and 5 d3} (12... Re8 13. d4 b5 14. Bc2 Bb7 15. a4 exd4 16. cxd4 c5 17. d5 c4 18. Nf5 b4 19. Bd2 Ne7 20. Ne3 b3 21. Bb1 Rc8 22. Bc3 Ng6 23. Nd2 {1-0 (74) Vocaturo,D (2616)-Gozzoli,Y (2598) Le Castella 2018}) 13. d4 c5 14. a4 Bb7 {LiveBook: 3 Games. White is slightly better.} 15. Bc2 cxd4 16. cxd4 Re8 17. Be3 b4 18. a5 exd4 19. Bxd4 Ne5 20. Bxa7 Rxa7 21. Nf5 Nxf3+ 22. Qxf3 Bc8 23. Ba4 Re5 24. Nd4 Bb7 25. Bc6 Bc8 26. Bd5 Bd7 $1 27. Qb3 Nxd5 28. exd5 Rc7 29. Rxe5 dxe5 30. Nf3 (30. Ne6 $5 Bxe6 31. dxe6 $16) 30... e4 31. Ne5 (31. d6 $1 $14 Rc5 32. Qxb4 {[%mdl 64] Double Attack}) 31... Bb5 $11 32. Rd1 ({White should play} 32. Nc6 $11 Bxc6 33. dxc6) 32... Qd6 $1 $15 {[%cal Rd6e5]} 33. Ng4 Be2 34. Re1 Bc4 35. Qe3 f5 (35... Bxd5 $15 36. Qb6 Rc6) 36. Qb6 $11 Qxb6 37. axb6 {[%mdl 4096] Endgame KRB-KRN} Rb7 $1 38. Ne3 {[%mdl 64] [#] Double Attack} Bd3 39. Nxf5 {aiming for d6.} Rxb6 40. d6 Rb7 41. Ne7+ Kf7 42. Nc6 Ke8 (42... Kf6 $11 {keeps the balance.}) 43. Ne5 $16 Kd8 44. f4 Rb6 45. d7 ({White should try} 45. Kf2 $16) 45... Bc2 $2 (45... Rb7 $14) 46. Rc1 $18 b3 47. Kf2 Kc7 48. Ra1 Rd6 49. Ke3 Bd3 50. Rc1+ Bc2 51. g4 Rd5 52. Ra1 a5 53. h4 g5 54. hxg5 hxg5 {[#]} 55. Rh1 (55. Ra4 $1 $16 {[%cal Ra4c4]} Bd3 56. d8=B+ Rxd8 57. fxg5) 55... a4 $11 {Strongly threatening ...a3!The position is equal.} 56. Ra1 gxf4+ 57. Kxf4 e3 {Hoping for ...e2.} 58. Rxa4 {Black must now prevent Rc4+.} e2 59. Ra7+ Kb6 60. Ra1 {Threatens to win with Re1.} Bd1 61. Nf3 Rxd7 62. Ke3 $1 Re7+ 63. Kd2 Re4 64. Ra8 Rxg4 65. Re8 Ra4 66. Kc3 Ra1 67. Nd4 Rc1+ 68. Kd2 Rb1 69. Kc3 Rc1+ 70. Kd2 Rb1 71. Kc3 Rc1+ 72. Kd2 {Accuracy: White = 68%, Black = 71%.} 1/2-1/2

[Event "Orbis-2 GM 2018"]
[Site "Paracin"]
[Date "2018.12.07"]
[Round "7"]
[White "Savic, Miodrag R"]
[Black "Djordjevic, Vuk"]
[Result "1/2-1/2"]
[WhiteElo "2511"]
[BlackElo "2414"]
[Annotator "TA"]
[PlyCount "94"]
[EventDate "2018.12.03"]
[EventType "tourn"]
[EventCountry "SRB"]
[SourceTitle "playchess.com"]
[Source "ChessBase"]
[SourceQuality "1"]

{[%evp 21,94,-14,-16,-24,-16,-25,-32,-22,-12,-25,-7,-7,11,0,0,0,0,0,16,47,91,65,82,69,128,123,131,133,159,176,222,225,210,116,121,121,113,126,114,99,94,91,82,8,17,0,0,0,0,0,0,0,0,0,0,0,0,0,0,0,0,0,0,0,0,-16,0,0,0,0,0,0,0,0,0]} 1. e4 e6 2. d4 d5 3. e5 c5 4. c3 Nc6 5. Nf3 Qb6 6. a3 Nh6 7. b4 cxd4 8. cxd4 Nf5 9. Bb2 Bd7 10. Be2 Be7 11. O-O h5 {LiveBook: 14 Games. C02: French: Advance Variation} 12. b5 (12. Qd3 g5 13. Rd1 g4 14. Ne1 f6 15. b5 Na5 16. exf6 Bxf6 17. a4 a6 18. Na3 axb5 19. axb5 Nxd4 {1-0 (30) Motylev,A (2677)-Liu,Q (2435) Ningbo 2011}) 12... Na5 13. Nc3 Rc8 {Black has an edge.} 14. Na4 Qd8 15. Nd2 O-O $146 ({Predecessor:} 15... g6 16. Bd3 b6 17. Qe2 Bg5 18. f4 {0-1 (45) Tay,J-Lalic,S (2320) Kuala Lumpur 1992}) 16. Bd3 {[#]} a6 $1 {[%mdl 512]} 17. bxa6 bxa6 18. Nc5 Bb5 19. Bxf5 $1 {Black must now prevent Nxe6!} exf5 20. Re1 g6 21. e6 Nc4 22. Bc3 Nxd2 (22... Nd6 $14) 23. Qxd2 $16 Bg5 24. f4 Bf6 25. a4 Bc4 26. Ba5 Qe7 {[#]} 27. Nd7 ({White should try} 27. Rab1 $1 $18 Bg7 28. Nd7) 27... Rfe8 28. Bb4 Qd8 {[#]} 29. exf7+ $1 Kxf7 30. Rxe8 Qxe8 31. Nxf6 Kxf6 32. Re1 (32. Bd6 $16) 32... Qxa4 $11 {The position is equal.} 33. Bd6 Re8 34. Be5+ Kf7 35. h3 Re6 36. Rb1 Bb5 37. Qe3 Qa5 38. Qg3 Qd8 39. Rc1 {Rc7+ is the strong threat.} Rc6 40. Rc5 Rxc5 41. dxc5 Bc6 42. Bd4 Qe7 43. Kh2 h4 44. Qb3 Qe4 45. Be5 Qe1 46. Bd4 Qe4 47. Be5 Qe1 {Accuracy: White = 71%, Black = 55%.} 1/2-1/2

[Event "Orbis-2 GM 2018"]
[Site "Paracin"]
[Date "2018.12.07"]
[Round "7"]
[White "Pikula, Dejan"]
[Black "Gukesh D"]
[Result "1/2-1/2"]
[WhiteElo "2486"]
[BlackElo "2466"]
[Annotator "TA"]
[PlyCount "32"]
[EventDate "2018.12.03"]
[EventType "tourn"]
[EventCountry "SRB"]
[SourceTitle "playchess.com"]
[Source "ChessBase"]
[SourceQuality "1"]

{[%evp 16,17,34,34]} 1. e4 c5 2. Nf3 Nc6 3. Bb5 g6 4. Bxc6 dxc6 5. d3 Bg7 6. h3 Nf6 7. Nc3 Nd7 8. Be3 O-O 9. Qd2 {LiveBook: 73 Games. B31: Sicilian: 2...Nc6 3 Bb5 g6} {Predecessor:} Re8 $146 10. a3 b6 11. b4 cxb4 12. axb4 Bb7 13. d4 Nf8 14. O-O Qd6 15. Ne2 Red8 16. c3 Qe6 {½-½ (63) Lagno,K (2543)-Kosteniuk,A (2527) Khanty-Mansiysk 2014} 1/2-1/2

[Event "Orbis-2 GM 2018"]
[Site "Paracin"]
[Date "2018.12.07"]
[Round "7"]
[White "Mendonca, Leon Luke"]
[Black "Stankovic, Milos"]
[Result "1/2-1/2"]
[WhiteElo "2350"]
[BlackElo "2451"]
[Annotator "TA"]
[PlyCount "180"]
[EventDate "2018.12.03"]
[EventType "tourn"]
[EventCountry "SRB"]
[SourceTitle "playchess.com"]
[Source "ChessBase"]
[SourceQuality "1"]

{[%evp 21,180,46,37,32,50,50,79,81,76,76,69,70,137,144,128,132,139,141,154,158,138,129,145,136,104,108,111,56,43,0,29,41,35,38,22,35,46,26,66,78,63,0,0,0,0,0,269,113,121,127,121,106,145,116,118,89,91,95,91,93,102,98,93,75,75,75,75,75,68,0,53,0,53,53,75,75,75,75,75,75,75,75,75,30,37,35,38,38,38,38,37,42,42,42,56,56,56,56,56,0,56,38,38,0,0,0,25,0,0,0,0,0,0,0,0,0,0,0,0,0,0,0,0,0,0,0,0,0,0,0,0,0,38,0,1608,0,0,0,0,0,0,0,0,0,0,0,0,0,0,0,0,0,0,0,0,0,0,0,0,0,0]} 1. Nf3 Nf6 2. g3 g6 3. b3 Bg7 4. Bb2 O-O 5. Bg2 d6 6. d4 Nbd7 7. O-O e5 8. dxe5 Ng4 9. Qd2 Ngxe5 10. c4 {A49: 1 d4 Nf6 2 Nf3 g6 3 g3: Anti-King's Indian systems} Re8 11. Nc3 Nc5 {LiveBook: 7 Games} (11... Nxf3+ 12. Bxf3 Nc5 13. Rfe1 a5 14. Rad1 Be6 15. Nb5 Bxb2 16. Qxb2 Bd7 17. Nc3 Qf6 18. Qd2 Bc6 19. Bxc6 bxc6 20. e4 Rab8 21. Rb1 Rb4 22. Re3 Reb8 23. Rbe1 a4 24. e5 Qd8 25. Nb5 Na6 26. exd6 cxb5 27. d7 {1-0 (27) Mamedyarov,S (2799)-Haddouche,M (2505) Riadh 2017}) 12. Nxe5 {White is slightly better.} Bxe5 13. b4 $146 ({Predecessor:} 13. Rad1 a5 14. Nd5 c6 15. Bxe5 dxe5 16. Nc3 Qxd2 17. Rxd2 f5 18. e4 {0-1 (43) Salim Issa,A (1901)-Haddouche,M (2505) Sharjah 2018}) 13... Ne6 14. Rfd1 a5 15. b5 $1 Nc5 16. Nd5 c6 (16... Be6 $14) 17. Bxe5 $16 dxe5 18. bxc6 bxc6 {[#]} 19. Qe3 $1 {[%cal Re3c5]} Nd7 20. Nc3 Re6 21. Nb5 Rb8 22. Nd6 Qc7 23. Nxc8 Rxc8 24. Rab1 (24. Bh3 $16 Re7 25. Bxd7 Rxd7 26. Rxd7 Qxd7 27. Qxe5) 24... f5 $14 25. g4 Rf8 26. gxf5 gxf5 27. Bh3 Rg6+ 28. Kh1 e4 29. Rg1 Qe5 30. Rg5 Rf7 31. Rbg1 (31. Rh5 $14) 31... Rfg7 $1 $11 32. R1g3 Qa1+ 33. Kg2 $1 Qxa2 $2 {[%mdl 8192]} (33... Rxg5 $11 34. Rxg5 Qf6 35. Rxg7+ Kxg7) 34. Bxf5 (34. Rxf5 $18 {and the rest is easy.} Qxc4 35. Rxa5) 34... Rxg5 $16 35. Rxg5 Nf8 36. Rxg7+ Kxg7 37. Qxe4 Ng6 38. h4 Qd2 39. e3 Qd8 40. Bxg6 $1 hxg6 41. Qxc6 Qxh4 {[%mdl 4096] Endgame KQ-KQ} 42. Qc7+ Kh6 43. Qxa5 {Qd5 is the strong threat.} Qg4+ 44. Kh2 Qh4+ 45. Kg2 (45. Kg1 $5 {[%cal Ra5d5]} Qg4+ 46. Kf1 Qxc4+ 47. Ke1 $16) 45... Qg4+ 46. Kh2 {Hoping for Qd5.} (46. Kf1 $5 {[%cal Ra5d5]} Qxc4+ 47. Ke1 $16) 46... Qh4+ 47. Kg1 $1 Qg4+ 48. Kf1 Qxc4+ 49. Ke1 Qc1+ 50. Ke2 Qc4+ 51. Kf3 Qc6+ 52. e4 Qf6+ 53. Ke3 g5 54. Qf5 Qc3+ 55. Ke2 Qc2+ 56. Kf3 Qb1 57. Kg2 Qc2 58. Qf6+ Kh5 59. Qf7+ Kh6 60. Qf6+ Kh5 61. e5 Qc4 62. Qh8+ (62. Qf5 $5 {[%cal Re5e6]} Kh6 63. e6 $18) 62... Kg6 $1 63. Qf6+ Kh5 64. Qf5 Kh6 $1 65. Kf3 {Strongly threatening e6.} Qc3+ 66. Ke2 Qb2+ 67. Kd1 Qd4+ 68. Ke1 Qa1+ 69. Ke2 Qb2+ 70. Kf1 {Black must now prevent Qf6+.} Qc1+ 71. Kg2 {Threatens to win with Qf6+.} Qc6+ 72. Qf3 Qc4 73. Qf6+ Kh5 74. Qh8+ Kg6 $1 75. Qf6+ Kh5 76. Qf5 {And now e6 would win.} Kh6 $1 77. e6 Qc6+ $2 {[%mdl 8192] [#]} (77... Qb4 $11) 78. Kg1 $2 ({White has to play} 78. f3 $1 $18 Qd6 79. Qe4 Qd2+ 80. Kh3 g4+ 81. fxg4 Qc3+ 82. Kg2) 78... Qc1+ $1 $11 {The position is equal.} 79. Kh2 {Threatening mate with Qf6+.} Qc7+ 80. Kh3 Qc3+ 81. f3 Qe1 82. Qf6+ Kh5 83. Qf7+ Kh6 84. Qf6+ Kh5 85. Qf7+ Kh6 86. Qf8+ Kh5 87. Qe8+ Kh6 88. Qc6 {White threatens e7+ and mate.} Qh1+ 89. Kg3 {White wants to mate with e7+.} Qg1+ 90. Kh3 {e7+ would kill now.} Qh1+ {Accuracy: White = 53%, Black = 76%.} 1/2-1/2

[Event "Orbis-2 GM 2018"]
[Site "Paracin"]
[Date "2018.12.07"]
[Round "7"]
[White "Krishnater Kushager"]
[Black "Aithmidou, Mohamed-Mehdi"]
[Result "0-1"]
[WhiteElo "2305"]
[BlackElo "2261"]
[Annotator "TA"]
[PlyCount "44"]
[EventDate "2018.12.03"]
[EventType "tourn"]
[EventCountry "SRB"]
[SourceTitle "playchess.com"]
[Source "ChessBase"]
[SourceQuality "1"]

{[%evp 21,44,23,17,-49,-52,-78,-91,-68,-64,-68,-71,-66,-72,-228,-219,-229,-217,-302,-281,-304,-285,-292,-280,-417,-408]} 1. e4 c5 2. Nf3 d6 3. d4 cxd4 4. Nxd4 Nf6 {[%cal Bg8f6,Bf6d7,Bd7e5][%mdl 32]} 5. Nc3 a6 6. h3 g6 7. g4 Bg7 8. Bg2 h5 {B90: Sicilian Najdorf: Unusual White 6th moves, 6 Be3 Ng4 and 6 Be3 e5} (8... O-O 9. Be3 Nc6 10. Qd2 Bd7 11. O-O-O Rc8 12. Nde2 b5 13. Nd5 a5 14. Bb6 Qe8 15. Kb1 Rb8 16. Be3 {½-½ (33) Radjabov,T (2738)-Smirin,I (2655) Baku 2015}) 9. g5 Nfd7 10. Be3 O-O 11. O-O Nc6 {LiveBook: 8 Games} 12. Qd2 (12. a4 $11) 12... Nde5 $1 $15 {Threatens to win with ...Bxh3!} 13. Nxc6 $146 ({Predecessor:} 13. Qe2 Nxd4 14. Bxd4 Nf3+ 15. Qxf3 Bxd4 16. Rad1 Bg7 17. Qe3 Be6 18. Nd5 {½-½ (18) Broekmeulen,J (2432)-Von Meijenfeldt,B (2322) Maastricht 2014}) 13... bxc6 14. Qe2 Be6 15. b3 $1 Nc4 16. bxc4 {And now Bd2 would win.} Bxc3 17. f4 $2 (17. Rab1 $17) 17... Bxa1 $19 18. Rxa1 {[#]} Qa5 $1 19. f5 Qc3 ({Not} 19... gxf5 20. Bd4 $17) 20. Rd1 Bxc4 21. Qf2 Rab8 22. Bf3 (22. Bd4 $142 Qa5 23. Kh2) 22... c5 0-1

[Event "Orbis-2 GM 2018"]
[Site "Paracin"]
[Date "2018.12.07"]
[Round "7"]
[White "Der Manuelian, Haik"]
[Black "Kosic, Dragan"]
[Result "0-1"]
[WhiteElo "2262"]
[BlackElo "2488"]
[Annotator "TA"]
[PlyCount "102"]
[EventDate "2018.12.03"]
[EventType "tourn"]
[EventCountry "SRB"]
[SourceTitle "playchess.com"]
[Source "ChessBase"]
[SourceQuality "1"]

{[%evp 10,102,0,-5,20,6,17,-2,0,-10,0,-13,-8,-12,0,0,0,0,0,-12,0,-15,0,-33,-31,-10,-14,-20,-23,-42,-32,-35,-24,-26,-12,-34,-39,-37,-37,-37,-31,-33,-39,-44,-15,-16,-26,-44,-2,-44,-44,-50,-44,-72,-72,-73,-37,-37,-37,-37,-37,-45,-40,-37,-37,-124,-134,-236,-236,-236,-226,-231,-210,-432,-395,-585,-518,-581,-581,-558,-560,-588,-588,-573,-571,-584,-581,-581,-574,-550,-548,-519,-481,-318,-264]} 1. e4 e6 2. d4 d5 3. Bd3 dxe4 4. Bxe4 Nf6 5. Bf3 Nbd7 6. Nc3 {LiveBook: 12 Games. C01: French: Exchange Variation} a6 $146 ({Predecessor:} 6... Rb8 7. Nge2 Be7 8. O-O O-O 9. Bf4 Bd6 10. Re1 b5 11. a3 Bb7 12. Bxb7 Rxb7 13. Qd3 Bxf4 14. Nxf4 {0-1 (42) Fedorchuk,S (2648)-Duda,J (2717) Katowice 2017}) 7. Bf4 Bd6 8. Bxd6 {The position is equal.} cxd6 9. Qd2 O-O 10. Nge2 Rb8 11. a4 b6 12. O-O Qc7 13. Ng3 Bb7 14. Nce4 Rfc8 15. c3 Bxe4 16. Bxe4 Nxe4 17. Nxe4 d5 18. Ng3 {[%cal Be4g3,Bg3h5,Bh5f4][%mdl 32]} b5 19. axb5 axb5 20. Nh5 g6 21. Nf4 b4 22. Rfc1 bxc3 23. Rxc3 Qb6 24. Rac1 Rxc3 25. bxc3 Nf6 26. h4 Qb2 27. Qxb2 Rxb2 $11 {[%mdl 4096] Endgame KRN-KRN} 28. f3 Kg7 29. Kf1 Ne8 30. Nd3 Ra2 31. Nb4 Ra3 32. Ke2 h5 33. Kd3 Nd6 34. Nc2 Ra2 35. Ne3 Kf6 36. Rg1 Rb2 37. Rh1 (37. g3 $15) 37... Nf5 $1 $17 38. Nxf5 (38. Nc2 $17) 38... Kxf5 {KR-KR} 39. g3 Rg2 40. Rh3 f6 {[%cal Bf7f6,Bf6e5][%mdl 32]} 41. Ke3 $2 (41. c4) 41... e5 $19 42. dxe5 (42. c4 {was worth a try.} dxc4 43. d5) 42... fxe5 43. Rh1 Rxg3 44. Rd1 {[#]} Ke6 $1 45. Kf2 Rh3 46. Rg1 Rh2+ 47. Ke3 Kf5 48. Rd1 Rxh4 49. Rxd5 {[#]} Rc4 $1 {[%cal Rc4c3]} 50. Kd3 Rc6 51. Rd8 Kf4 {Accuracy: White = 42%, Black = 72%.} 0-1

[Event "Orbis-2 GM 2018"]
[Site "Paracin"]
[Date "2018.12.08"]
[Round "8"]
[White "Kosic, Dragan"]
[Black "Mendonca, Leon Luke"]
[Result "1-0"]
[WhiteElo "2488"]
[BlackElo "2350"]
[Annotator "TA"]
[PlyCount "153"]
[EventDate "2018.12.03"]
[EventType "tourn"]
[EventCountry "SRB"]
[SourceTitle "playchess.com"]
[Source "ChessBase"]
[SourceQuality "1"]

{[%evp 27,153,85,89,88,95,75,77,75,78,79,100,72,80,78,131,86,126,105,140,88,107,91,99,101,141,124,158,109,317,300,357,358,351,311,307,267,258,198,336,344,310,299,434,420,514,527,407,518,523,523,507,510,431,343,302,275,265,265,258,209,192,210,469,476,585,336,928,842,632,250,352,371,377,370,29944,12812,12395,12794,12395,0,0,0,2135,0,0,0,0,0,12810,12804,6187,5862,4134,2837,1425,0,0,0,29977,29978,29978,29979,29980,29981,29981,29982,29982,29983,29983,29984,29984,29985,29985,29986,29986,29987,29987,29988,29988,29989,29989,29990,29990,29991,29991,29992,29997,29998]} 1. d4 Nf6 2. Nf3 g6 3. c4 Bg7 4. Nc3 O-O 5. e4 d6 6. Be2 e5 7. Be3 Ng4 8. Bg5 f6 9. Bh4 g5 10. Bg3 Nh6 11. h3 Nc6 12. d5 {E92: King's Indian: Classical: 6 Be2 e5: 7 dxe5, 7 Be3 and Petrosian System without 7...Nbd7} Ne7 13. Bh2 g4 (13... a6 14. Qd2 Bd7 15. a3 Nf7 16. Bd3 b5 17. cxb5 axb5 18. Bxb5 Bxb5 19. Nxb5 Qb8 {0-1 (38) Volkov,S (2627)-Belyakov,B (2486) Taganrog 2018}) 14. hxg4 Nxg4 {LiveBook: 3 Games} 15. Bg3 f5 16. Nd2 Nf6 17. Bd3 $146 ({Predecessor:} 17. Qc2 fxe4 18. Ndxe4 Nf5 19. O-O-O Nxe4 20. Nxe4 Nxg3 21. fxg3 Bf5 22. Bd3 Qe7 23. Kb1 Bg6 24. a3 Rf7 25. Ka2 Raf8 26. Qe2 {½-½ (26) Burger,K-Byrne,R New York,NY 1969}) 17... f4 18. Bh4 a6 19. a4 {[%cal Ba2a4,Ba4a5][%mdl 32]} ({Much worse is} 19. Bxf6 $6 Rxf6 20. Qb3 (20. Qh5 Rh6 $17) 20... b6 $11) 19... Qe8 20. Be2 Qg6 (20... Ng6 $142) 21. Bf3 Kh8 22. a5 Nfg8 23. b4 ({White should play} 23. Qb3) 23... Bf6 $16 24. c5 Bxh4 25. Rxh4 Nh6 26. Nc4 Rg8 27. Kd2 {Strongly threatening cxd6.} Bd7 $2 (27... Rg7 $16 {might work better.} 28. cxd6 cxd6) 28. cxd6 cxd6 29. Qh1 $1 Kg7 30. Nb6 Rad8 31. Nxd7 Rxd7 32. Qh3 Rgd8 (32... Rdd8 $142 33. Rh1 Nf7 34. Rxh7+ Kf8) 33. Rh1 $18 {[%cal Rh4h6]} Neg8 34. Bg4 Rc7 (34... Re7 $142 35. Bf5 Qf6) 35. Bf5 Qg5 {intending ...f3+.} 36. Rh5 Qf6 37. Be6 Re7 38. Bxg8 Nxg8 39. Rxh7+ Kf8 40. Rh5 Rf7 41. Rf5 Qg6 42. Rxf7+ Qxf7 43. Qg4 Nf6 44. Qf5 {aiming for Rh6.} Ke7 $2 (44... Kg7 45. g4 fxg3) 45. Na4 Rg8 46. Rh2 Nd7 $2 (46... Ne8 47. Qc8 (47. Rh7 Rg7 $16) 47... Nf6 48. Qxb7+ Kf8 49. Qxf7+ (49. Qxa6 Nxe4+ {[%mdl 64] Double Attack} 50. Kc2 Qxd5 $16) 49... Kxf7) 47. Rh7 Rg7 48. Qxf7+ $2 (48. Rxg7 Qxg7 49. Qh3 (49. Qe6+ Kd8 $16)) 48... Kxf7 (48... Rxf7 $142 49. Rxf7+ Kxf7) 49. Rxg7+ Kxg7 50. Nb6 Nxb6 $2 (50... Nf6 $18 51. Kd3 Ne8) 51. axb6 {[%mdl 4096] Endgame KP-KP} Kg6 52. Ke2 $1 {[%cal Re2f3]} Kg5 53. f3 $2 (53. Kf3 $1 $18 Kh4 54. Ke2) 53... Kh5 $11 54. Kf2 Kh4 $2 {[%mdl 8192]} (54... Kg6 $11) 55. Kf1 $2 (55. g3+ $1 $18 fxg3+ 56. Kg2) 55... Kg5 56. Kg1 Kh5 57. Kh2 Kh4 $2 {[%mdl 8192] [#]} (57... Kh6 $11) 58. g3+ $1 {[%mdl 512]} fxg3+ 59. Kg2 Kh5 60. Kxg3 Kg5 61. Kg2 $2 (61. Kh3 $1 $18 {Hoping for Kg3.} Kf4 62. Kg2) 61... Kg6 62. Kh3 {Threatens to win with Kg4.} Kh5 $2 {[%mdl 8192] [#]} (62... Kh7 $11) 63. f4 $1 {[%cal Rf4e5] White mates.} exf4 {[#]} 64. e5 $1 {[%cal Re5d6,Be4e5,Be5e6][%mdl 544]} Kg6 {[#]} (64... dxe5 65. d6) 65. e6 $1 f3 66. Kg3 f2 67. Kxf2 Kg7 68. Kf3 Kf6 69. Kf4 Kg6 70. Kg4 Kf6 71. Kh5 Ke7 72. Kg6 Ke8 73. Kf6 Kf8 74. e7+ Ke8 75. Ke6 a5 76. Kxd6 axb4 77. Ke6 {Accuracy: White = 67%, Black = 51%.} 1-0

[Event "Orbis-2 GM 2018"]
[Site "Paracin"]
[Date "2018.12.08"]
[Round "8"]
[White "Pikula, Dejan"]
[Black "Der Manuelian, Haik"]
[Result "1/2-1/2"]
[WhiteElo "2486"]
[BlackElo "2262"]
[Annotator "TA"]
[PlyCount "100"]
[EventDate "2018.12.03"]
[EventType "tourn"]
[EventCountry "SRB"]
[SourceTitle "playchess.com"]
[Source "ChessBase"]
[SourceQuality "1"]

{[%evp 13,100,-11,0,-10,-12,-27,-16,-22,-1,0,17,6,14,9,19,0,2,-14,12,0,-22,-42,21,0,33,-30,45,53,48,39,51,50,59,44,59,59,66,59,61,59,59,59,77,59,59,59,121,119,212,63,63,65,122,58,66,66,66,66,66,66,70,66,68,67,64,64,64,64,71,69,63,0,0,0,0,0,0,0,0,0,0,0,0,0,0,0,0,0,0]} 1. d4 d5 2. Bf4 Nf6 3. e3 c5 4. c3 Nc6 5. Nd2 Bf5 6. Ngf3 e6 7. Nh4 {D00: 1 d4 d5: Unusual lines} Be4 {LiveBook: 5 Games} 8. f3 (8. Qb3 Qc8 9. Nhf3 Bf5 10. Be2 Be7 11. O-O O-O 12. h3 h6 13. Rfe1 c4 14. Qd1 b5 {1-0 (66) Grachev,B (2626)-Najer,E (2663) Moscow 2018}) 8... Bg6 9. Qb3 Qd7 10. g4 Be7 $146 ({Predecessor:} 10... cxd4 11. exd4 Bd6 12. Bxd6 Qxd6 13. Qxb7 Rb8 14. Qa6 O-O 15. Nxg6 fxg6 {½-½ (25) Turzo,A (2283)-Ribli,Z (2526) Hungary 2018}) 11. Bg3 c4 12. Qd1 b5 13. Be2 a5 14. Nxg6 hxg6 15. e4 {[%cal Be3e4,Be4e5][%mdl 32]} Qb7 16. Kf2 a4 17. a3 O-O-O (17... g5 $15) 18. e5 $11 Nd7 19. f4 ({White should try} 19. h4 $14) 19... Bh4 (19... g5 $1 $11) 20. Nf3 $14 Bxg3+ 21. hxg3 Nb6 22. Qc2 Qd7 23. Kg2 Ne7 24. Ng5 Nc6 25. Nh7 Ne7 26. Rh4 Rdg8 27. Rah1 $36 {[%mdl 2048] Threatens to win with Nf8! White has good play.} Qe8 28. Qd2 Nd7 29. Qe3 Nc6 (29... Kb7 $14) 30. Bd1 $16 f5 {[#]} (30... Kb7 $16 {keeps fighting.}) 31. Ng5 (31. exf6 $1 $18 gxf6 32. g5 (32. Nxf6 Nxf6 33. Rxh8 Rxh8 $18) 32... fxg5 33. fxg5 (33. Nxg5 Rxh4 34. Rxh4 Nf6 $16)) 31... Rxh4 $14 32. Rxh4 Nd8 (32... Nf8 $1 $14) 33. Nf3 (33. gxf5 $16 gxf5 34. g4) 33... Rh8 34. Qe1 Rxh4 35. Nxh4 Nf8 36. Qh1 Nf7 37. gxf5 gxf5 38. Bh5 Qe7 39. Bxf7 Qxf7 40. Nf3 Kd7 41. Qh8 Ke7 42. Nh4 (42. Ne1 $14) 42... Ng6 $11 {The position is equal.} 43. Nxg6+ Qxg6 {[%mdl 4096] Endgame KQ-KQ} 44. Qc8 Qh5 45. Qc7+ Kf8 46. Qd6+ Kf7 47. Qd7+ Kf8 48. Qxe6 Qe2+ {[%mdl 64] [#] Double Attack} 49. Kh3 Qg4+ 50. Kh2 {aiming for Qd6+.} Qe2+ {Accuracy: White = 58%, Black = 45%.} 1/2-1/2